La República

Zapisane w:
Opis bibliograficzny
1. autor: Platón
Format: Książka
Język:Undetermined
Wydane: Madrid, España Espasa-Calpe 1973
Wydanie:11
Hasła przedmiotowe:
Etykiety: Dodaj etykietę
Nie ma etykietki, Dołącz pierwszą etykiete!

MARC

LEADER 00000nam a2200000Ia 4500
008 170316s9999 xx 000 0 und d
040 |a cru BVZT 
090 |a 100 P-26r v.1 
100 |a Platón 
245 |a La República 
250 |a 11 
260 |a Madrid, España 
260 |b Espasa-Calpe 
260 |c 1973 
300 |a 303 páginas 
650 |a FILOSOFÍA 
999 |c 1930  |d 1930 
942 |c 15 D  |h 100 P-26r v.1  |2 z